000 01473cam a2200289 a 4500
001 000014507
005 20200929163849.0
008 950905s1995 ck a b 000 0 spa d
020 _a9586015874
035 _a(DLC) 95199577
035 _a(OCoLC)32873272
040 _aDO-SdBNP
_bspa
_cBNPHU
_dDLC
082 _a303.69861
_bD285d
100 1 _aDeas, Malcolm D.,
_d1941-
_931467
245 1 0 _aDos ensayos especulativos sobre la violencia en Colombia /
_cMalcolm Deas y Fernando Gaitán Daza ; traducido por Juan Manuel Pombo ; prólogo Armando Montenegro.
260 _aColombia :
_bFondo Financiero de Proyectos de Desarrollo ;
_bDepartamento Nacional de Planeación,
_c1995.
300 _axxi, 415 p. :
_bil. ;
_c21 cm.
504 _aIncluye referencias bibliográficas: (p. 407-415)
520 1 _a"Dos libros-length 'ensayos' analizar la Violencia. Deas, historiador presenta una reflexión histórica y comparativa sobre la violencia política, mientras que el economista Gaitán Daza utiliza nuevos métodos para estudiar la violencia actual, y para refutar las teorías anteriores que trataron de explicar su alta incidencia "- Handbook of Latin American Studies, v. 58.
650 4 _aViolencia
_zColombia
_932756
650 4 _aEnsayos colombianos
_914811
700 1 _aGaitán Daza, Fernando,
_932757
700 1 _aPombo, Juan Manuel,
_etr.
_932758
700 1 _aMontenegro, Armando,
_epról.
_932759
910 _aCatalogación por copia / LC
049 _aBNGR
999 _c14096
_d14096